Sports Quiz

Random Sports or Basketball Quiz

NBA 50 Point Games (2000s) Quiz Stats

Quiz Updated Mar 26, 2012

Challenge
Share
Tweet
Embed
Score 0/87 Timer 05:00
16 Plays Today
Team Player % Correct
Los Angeles LakersKobe Bryant
99.2%
Los Angeles LakersKobe Bryant
99.2%
Los Angeles LakersKobe Bryant
99.2%
Los Angeles LakersKobe Bryant
99.2%
Los Angeles LakersKobe Bryant
99.2%
Los Angeles LakersKobe Bryant
99.2%
Los Angeles LakersKobe Bryant
99.2%
Los Angeles LakersKobe Bryant
99.2%
Los Angeles LakersKobe Bryant
99.2%
Los Angeles LakersKobe Bryant
99.2%
Los Angeles LakersKobe Bryant
99.2%
Los Angeles LakersKobe Bryant
99.2%
Los Angeles LakersKobe Bryant
99.2%
Los Angeles LakersKobe Bryant
99.2%
Los Angeles LakersKobe Bryant
99.2%
Los Angeles LakersKobe Bryant
99.2%
Los Angeles LakersKobe Bryant
99.2%
Los Angeles LakersKobe Bryant
99.2%
Los Angeles LakersKobe Bryant
99.2%
Los Angeles LakersKobe Bryant
99.2%
Los Angeles LakersKobe Bryant
99.2%
Los Angeles LakersKobe Bryant
99.2%
Los Angeles LakersKobe Bryant
99.2%
Los Angeles LakersKobe Bryant
99.2%
Cleveland CavaliersLeBron James
98.1%
Cleveland CavaliersLeBron James
98.1%
Cleveland CavaliersLeBron James
98.1%
Cleveland CavaliersLeBron James
98.1%
Cleveland CavaliersLeBron James
98.1%
Team Player % Correct
Cleveland CavaliersLeBron James
98.1%
Cleveland CavaliersLeBron James
98.1%
Cleveland CavaliersLeBron James
98.1%
Philadelphia 76ersAllen Iverson
93.7%
Philadelphia 76ersAllen Iverson
93.7%
Philadelphia 76ersAllen Iverson
93.7%
Philadelphia 76ersAllen Iverson
93.7%
Philadelphia 76ersAllen Iverson
93.7%
Philadelphia 76ersAllen Iverson
93.7%
Philadelphia 76ersAllen Iverson
93.7%
Philadelphia 76ersAllen Iverson
93.7%
Philadelphia 76ersAllen Iverson
93.7%
Denver NuggetsAllen Iverson
93.7%
Miami HeatDwyane Wade
93%
Miami HeatDwyane Wade
93%
Miami HeatDwyane Wade
93%
Denver NuggetsCarmelo Anthony
90.1%
Los Angeles LakersShaquille O'Neal
88.1%
San Antonio SpursTim Duncan
87.2%
Indiana PacersJermaine O'Neal
86.5%
Boston CelticsPaul Pierce
82.2%
Dallas MavericksDirk Nowitzki
82.2%
Dallas MavericksDirk Nowitzki
82.2%
Toronto RaptorsVince Carter
79.6%
New Jersey NetsVince Carter
79.6%
San Antonio SpursTony Parker
78.6%
Seattle SupersonicsRay Allen
77.9%
Washington WizardsGilbert Arenas
74.3%
Washington WizardsGilbert Arenas
74.3%
Team Player % Correct
Washington WizardsGilbert Arenas
74.3%
Orlando MagicTracy McGrady
69%
Orlando MagicTracy McGrady
69%
Orlando MagicTracy McGrady
69%
Orlando MagicTracy McGrady
69%
Phoenix SunsAmar'e Stoudemire
68.1%
Detroit PistonsRichard Hamilton
65.8%
Washington WizardsMichael Jordan
64.3%
Milwaukee BucksMichael Redd
59.3%
Milwaukee BucksMichael Redd
59.3%
Portland Trail BlazersBrandon Roy
59%
Sacramento KingsChris Webber
56.7%
Milwaukee BucksBrandon Jennings
53%
New Jersey NetsStephon Marbury
43.1%
New York KnicksAllan Houston
38.1%
New York KnicksAllan Houston
38.1%
Seattle SupersonicsRashard Lewis
37%
Golden State WarriorsAntawn Jamison
34.4%
Golden State WarriorsAntawn Jamison
34.4%
Phoenix SunsClifford Robinson
33.7%
Sacramento KingsKevin Martin
31.9%
Detroit PistonsJerry Stackhouse
29.3%
Chicago BullsJamal Crawford
29.1%
New York KnicksJamal Crawford
29.1%
Golden State WarriorsJamal Crawford
29.1%
Portland Trail BlazersDamon Stoudamire
22.6%
New Orleans HornetsJamal Mashburn
20.3%
Atlanta HawksShareef Abdur-Rahim
17.3%
Phoenix SunsTony Delk
8%

You're not logged in!

Compare scores with friends on all Sporcle quizzes.
Join for Free
OR
Log In

You Might Also Like...

Show Comments

Extras

Top Quizzes Today


Score Distribution

Your Account Isn't Verified!

In order to create a playlist on Sporcle, you need to verify the email address you used during registration. Go to your Sporcle Settings to finish the process.

Report this User

Report this user for behavior that violates our Community Guidelines.

Details: